Los delitos de omisión y evasión frente a la nueva moratoria (Registro nro. 19679)

Detalles MARC
000 -LEADER
fixed length control field 00342 a2200109 4500
001 - CONTROL NUMBER
control field ART_37988
005 - DATE AND TIME OF LATEST TRANSACTION
control field 20260410161751.0
008 - FIXED-LENGTH DATA ELEMENTS--GENERAL INFORMATION
fixed length control field 260409a
100 1# - MAIN ENTRY--PERSONAL NAME
Personal name Sequeira, Marcos A.
245 10 - TITLE STATEMENT
Title Los delitos de omisión y evasión frente a la nueva moratoria
773 0# - HOST ITEM ENTRY
Title Doctrina tributaria
Related parts - Nº 422 (mayo 2015)
Record control number REV4296

No hay ítems disponibles.